1627 1354 1719 1248 1359 1964 1824 1218 1271 1590 1921 1581 1505 1125 1744 1183 1144 1617 1413 1188 1896 1529 1651 1957 1351 1705 1252 1644 1810 1446 1247 1924 1166 1255 1405 1351 1595 1019 1628 1167 1523 1250 1157 1533 1665 1521 1609 1304 1984 1355 1002 1690 1587 1843 1686 1194 1881 1984 1339 1006 1495 1917 1971 1879 1781 1344 1940 1379 1743 1742 1231 1637 1380 1150 1136 1725 1684 1734 1863 1609 1845 1425 1986 1310 1026 1157 1988 1369 1414 1088 1676 1181 1454 1013 1527 1959 1574 1156 1187 BCNSPRNW ULIB Ver.6.0+V

เปลี่ยนเป็นภาษาไทย

Change to English
 แสดงรายละเอียดบรรณานุกรม
  กลับหน้าหลัก

Brief Record : Get Marc (ISO 2709) : E-mail record : QR code < ปิดหน้าต่าง
LEADER : 00000nam 2200000uu 4500
001    13399127511
003     ULIB
008    020711s2562 th a 000 0 tha d
060  0 ^aวจ^bพ-ก
100    ^aเพชรัชน์ อ้นโต
245    ^aการดูแลสุขภาพที่บ้าน(Home Health Care)
260    ^aนครสวรรค์ :^bคณะวิทยาศาสตร์และเทคโนโลยี มหาวิทยาลัยราชภัฏนครสวรรค์.,^c2562
945    ^p0^l0^i007111
999    ^aประนอม เกษจรัล
รายการนี้ยังไม่มีแท็ก
คุณยังไม่ได้ล็อกอิน คุณสามารถมีกิจกรรมร่วมกับเว็บไซต์ได้ แต่ต้องล็อกอินก่อน ::
  ล็อกอิน

รายการสื่อสารสนเทศ

ลำดับที่ ประเภท เลขเรียก/บาร์โค้ด สถานที่ สถานะ
1. งานวิจัย
งานวิจัย
วจ พ-ก ฉ.1 
  Barcode: 007111
ห้องสมุดวิทยาเขตสวรรค์ประชารักษ์
►วิจัย
บนชั้น

BibComment


ยังไม่เคยถูกคอมเมนท์

คอมเมนท์ทรัพยากรรายการนี้
  คอมเมนท์: การดูแลสุขภาพที่..


 Copyright 2026. Bcnsprnw @Library